Hollow Knight Skills/Spells/Abilities/Items - Statistics

General Stats
  • This quiz has been taken 301 times
  • The average score is 20 of 27
Answer Stats
Hint Answer % Correct
Located in Mantis Village Mantis Claw
93%
Found in Isma's Grove Isma's Tear
88%
Picked up after killing False Knight City Crest
86%
Unlocked after killing Hornet Mothwing Cloak
86%
Found in Resting Grounds Dream Nail
85%
Unlocked after killing Soul Master Desolate Dive
84%
Unlocked in Ancestral Mound Vengeful Spirit
84%
Found in East Crystal Peak Crystal Heart
83%
Given by Nailmaster Oro Dash Slash
83%
Unlocked From The Start Focus
80%
Given by Nailmaster Sheo Great Slash
78%
Given by Nailmaster Mato Cyclone Slash
77%
Found in Overgrown Mound Howling Wraiths
76%
Found in East Abyss Shade Cloak
76%
Found in Ancient Basin Monarch Wings
75%
Found in East Abyss Abyss Shriek
74%
Found in South-East Crystal Peak Descending Dark
74%
Found in Cast-Off Shell King's Brand
74%
Elegant Key is required to acess Shade Soul
72%
Given by Seer for 900 Essence Dream Gate
71%
Given by Godseeker Godtuner
70%
Given by Seer for 1800 Essence Awoken Dream Nail
68%
Bought from Sly Lumafly Lantern
66%
Found in Deenest Tram Pass
56%
Found in Black Egg Temple World Sense
55%
Found in Crystal Peak Shopkeeper's Key
45%
Found in Queen's Gardens Love Key
42%
No matching quizzes found
Score Distribution
Percent of People with Each Score
Percentile by Number Answered
Your Score History
You have not taken this quiz